|
|
|
|
| LEADER |
00834nam a22001817a 4500 |
| 082 |
|
|
|a 894.M2
|b ANA/K
|
| 100 |
|
|
|a ആനന്ദക്കുട്ടന്
|9 177257
|
| 100 |
|
|
|a Anandakuttan
|9 177258
|
| 240 |
|
|
|a Kazcha bungalow
|
| 245 |
|
|
|a കാഴ്ചബംഗ്ലാവു് (വിനോദനാടകം)
|
| 260 |
|
|
|a Konni;
|b Venus Press & Book Depot
|
| 300 |
|
|
|a 56p.
|
| 650 |
|
|
|a മലയാളം; നാടകം
|9 177259
|
| 650 |
|
|
|a Malayalam; Drama
|9 177260
|
| 942 |
|
|
|c BK
|
| 999 |
|
|
|c 37699
|d 37699
|
| 952 |
|
|
|0 0
|1 0
|4 0
|6 894_000000000000000_M2_ANA_K
|7 0
|8 DRA
|9 42394
|a MAL
|b MAL
|d 2015-06-17
|e 3120
|g 0.75
|l 0
|o 894.M2 ANA/K
|p MAL003120
|r 2015-06-17
|t 1
|w 2015-06-17
|y BK
|
| 952 |
|
|
|0 0
|1 0
|4 0
|6 894_000000000000000_M2_ANA_K1
|7 0
|8 DRA
|9 42395
|a MAL
|b MAL
|d 2015-06-17
|e 5024
|g 0.75
|l 0
|o 894.M2 ANA/K;1
|p MAL005024
|r 2015-06-17
|t 2
|w 2015-06-17
|y BK
|